Lippincott's review for NCLEX-PN / (Record no. 5690)

MARC details
000 -LEADER
fixed length control field 00920pam a2200289 a 4500
001 - CONTROL NUMBER
control field 2452500
003 - CONTROL NUMBER IDENTIFIER
control field OSt
005 - DATE AND TIME OF LATEST TRANSACTION
control field 20170320151436.0
008 - FIXED-LENGTH DATA ELEMENTS--GENERAL INFORMATION
fixed length control field 890811s1990 pau b 000 0 eng c
010 ## - LIBRARY OF CONGRESS CONTROL NUMBER
LC control number 89013081
020 ## - INTERNATIONAL STANDARD BOOK NUMBER
International Standard Book Number 0397550243
040 ## - CATALOGING SOURCE
Original cataloging agency DNLM/DLC
Transcribing agency DLC
Modifying agency DLC
082 ## - DEWEY DECIMAL CLASSIFICATION NUMBER
Classification number WY 18
Item number T482l 1994
100 1# - MAIN ENTRY--PERSONAL NAME
Personal name Timby, Barbara Kuhn.
9 (RLIN) 11850
245 10 - TITLE STATEMENT
Title Lippincott's review for NCLEX-PN /
Statement of responsibility, etc. Barbara Kuhn Timby, Jeanne C. Scherer.
250 ## - EDITION STATEMENT
Edition statement 4th ed.
260 ## - PUBLICATION, DISTRIBUTION, ETC. (IMPRINT)
Place of publication, distribution, etc. Philadelphia :
Name of publisher, distributor, etc. Lippincott,
Date of publication, distribution, etc. 1994.
300 ## - PHYSICAL DESCRIPTION
Extent xxvi, 483p. ;
Dimensions 28 cm.
504 ## - BIBLIOGRAPHY, ETC. NOTE
Bibliography, etc Includes bibliographical references.
650 #0 - SUBJECT ADDED ENTRY--TOPICAL TERM
Topical term or geographic name as entry element Nursing
General subdivision Examinations, questions, etc.
9 (RLIN) 11851
650 #2 - SUBJECT ADDED ENTRY--TOPICAL TERM
Topical term or geographic name as entry element Nursing
General subdivision examination questions.
9 (RLIN) 11852
700 ## - ADDED ENTRY--PERSONAL NAME
Personal name Scherer, Jeanne C.
9 (RLIN) 11853
740 0# - ADDED ENTRY--UNCONTROLLED RELATED/ANALYTICAL TITLE
Uncontrolled related/analytical title State board review of NCLEX-RN.
906 ## - LOCAL DATA ELEMENT F, LDF (RLIN)
a 7
b cbc
c orignew
d u
e ocip
f 19
g y-gencatlg
942 ## - ADDED ENTRY ELEMENTS (KOHA)
Source of classification or shelving scheme Other/Generic Classification Scheme
Koha item type Open Shelf
Holdings
Withdrawn status Lost status Source of classification or shelving scheme Damaged status Not for loan Home library Current library Date acquired Source of acquisition Inventory number Total Checkouts Full call number Barcode Date last seen Price effective from Koha item type
    Other/Generic Classification Scheme     MUST Main Library MUST Main Library 20/03/2017   2000/13955   WY 18 T482l 1994 2017-0396 20/03/2017 20/03/2017 Open Shelf
    Other/Generic Classification Scheme     MUST Main Library MUST Main Library 20/03/2017   2000/13958   WY 18 T482l 1994 2017-0397 20/03/2017 20/03/2017 Open Shelf